000 01128nam a2200277Ia 4500
003 GCL
005 20240530102223.0
008 140319s1988 ua a 000 0 ara d
020 _a070848130
040 _aGCL /
_cGCL
082 0 4 _a519.7
_bب ن
100 1 _aبرونسون، ريتشارد
245 1 0 _aنظريات ومسائل فى بحوث العمليات /
_cتاليف ريتشارد برونسون ؛ ترجمة حسن حسنى الغبارى ؛ مراجعة محمد ابراهيم يونس
260 _aالقاهرة :
_bالدار الدولية للنشر والتوزيع ،
_c1988
300 _a408 ص. :
_bايض ؛
_e30 سم.
490 0 _aسلسلة ملخصات شوم
_v0
650 0 7 _2qrmak
_aالبرمجة
650 0 7 _2qrmak
_aالرياضيات
650 0 7 _2qrmak
_aبحوث العمليات
650 0 7 _2qrmak
_aالبرمجة الخطية
650 0 7 _2qrmak
_aالبرمجة الدينامكية
650 0 7 _2qrmak
_aالبرمجة اللاخطية
700 0 _aحسن حسن الغيارى
_eمترجم
700 0 _aمحمد ابراهيم يونس
_eمراجع
942 _2ddc
_cBK
999 _c30658
_d30658